| 000 | 00498nam a2200193 a 4500 | ||
|---|---|---|---|
| 001 | 1764573856423 | ||
| 003 | ACL | ||
| 005 | 20251201125701.0 | ||
| 008 | 251201s1991##################000#0#eng## | ||
| 020 | _a9789061911722 | ||
| 082 | 0 | 4 |
_a624.15136 _bDAL |
| 100 | 1 |
_aDalmatov, B.I., _eauthor. |
|
| 245 | 1 | 0 | _aSoil Mechanics, Footings and Foundations : |
| 260 |
_bCRC Press, _c1991. |
||
| 300 | _a414 pages | ||
| 650 | 0 | _aTechnology & Engineering. | |
| 942 | _cENGLISH | ||
| 040 |
_aACL _beng _cACL |
||
| 999 |
_c599600 _d599600 |
||